000 00558nam a2200217Ia 4500
003 OSt
005 20220928135155.0
006 a|||||r|||| 00| 0
007 ta
008 220927b |||||||| |||| 00| 0 eng d
024 _a808
037 _cTextual
040 _aSDCL
_cSDCL
_beng
041 _2eng
_aeng
082 _aX.58'N7, L9
100 _aKrylow Constantin A
_9489458
245 0 _aSoviet economy
_b How it really works
260 _c1979
942 _hX.58'N7, L9
_cTEXL
_2CC
999 _c804754
_d804754